000 00373nam a22001457a 4500
005 20250713130548.0
008 250713b |||||||| |||| 00| 0 eng d
020 _a9780446691840
_qpbk
041 _aeng
082 _a332.6324 MCE
100 _aMcelroy Ken
245 _aThe Abc's Of Real Estate Investing
_c/ Ken Mcelroy
300 _a256pages, 24cm.
942 _cENGLISH
999 _c575535
_d575535